Podział administracyjny Polski - Statystyki

Ogólne statystyki
  • Ten quiz został rozwiązany 755 razy
  • Średni wynik to 13 z 16
Statystyki odpowiedzi
Nazwa jednostki administracyjnej Nazwa % Poprawnych
Województwo Pomorskie
91%
Województwo Mazowieckie
90%
Województwo Śląskie
86%
Województwo Dolnośląskie
85%
Województwo Małopolskie
85%
Województwo Lubelskie
84%
Województwo Lubuskie
83%
Województwo Wielkopolskie
83%
Województwo Zachodnio-Pomorskie
83%
Województwo Warmińsko-Mazurskie
80%
Województwo Podlaskie
79%
Województwo Opolskie
78%
Województwo Podkarpackie
72%
Województwo Świętokrzyskie
72%
Województwo Łódzkie
69%
Województwo Kujawsko-Pomorskie
68%
Nie znaleziono quizów pasujących do podanych kryteriów
Rozkład punktacji
Procent ludzi z każdym wynikiem
Percentyl według liczby udzielonych odpowiedzi
Twoja historia wyników
Nie rozwiązałeś tego quizu